Factores de empoderamiento y protección de las mujeres contra la violencia /

Este trabajo analiza la relevancia de la disponibilidad de recursos económicos, sociales y educativos en la definición de los niveles de poder de decisión de las mexicanas en el hogar. También explora la vinculación entre la posesión de estos recursos y el riesgo de violencia de pareja contra la muj...

Ausführliche Beschreibung

Gespeichert in:
Bibliographische Detailangaben
1. Verfasser: Casique, Irene
Format: Text
Schlagworte:
Tags: Tag hinzufügen
Keine Tags, Fügen Sie den ersten Tag hinzu!

MARC

LEADER 00000 a a2200000 04500
001 40396
003
040
100 |a Casique, Irene  
245 |a Factores de empoderamiento y protección de las mujeres contra la violencia /  |c Irene Casique  
500 |a irene@correo.crim.unam.mx  
520 |a Este trabajo analiza la relevancia de la disponibilidad de recursos económicos, sociales y educativos en la definición de los niveles de poder de decisión de las mexicanas en el hogar. También explora la vinculación entre la posesión de estos recursos y el riesgo de violencia de pareja contra la mujer. El análisis se basa en información proveniente de la Hendiré 2003.  
590 |a DISEMINAR052011/RRA/JUNIO2011  
650 |a MUJERES  
650 |a CONDICIONES SOCIALES  
650 |a VIOLENCIA CONTRA LA MUJERES  
650 |a PROPIEDAD  
650 |a MEXICO  
773 |g volumen72, número1 (2010), páginas 37-71: tablas  
999 |c 39394  |d 39394